000 00458nam a2200145 i 4500
001 63196
003 ES-MaACL
007 t|
008 031202s1980 sp ||||1| spa d
100 1 _aFerrando Badía, Juan.
_950287
245 1 0 _aDemocracia frente a Autocracia
_b: hacia una democracia económica, social y política /
_cJuan Ferrando Badía.
260 _aMadrid :
_bTecnos,
_c[1980]
300 _a370 p. ;
_c22 cm.
852 _aES-MaACL
_jL-450
_bR.100737
999 _c63196
_d63196